Українська література (Запис № 315779)

МАРК-запис
000 -Лідер
fixed length control field 00804nam a22002417a 4500
003 - Ідентифікатор контрольного номера
control field UA-OsUOA
001 - Контрольний номер
control field 29392
007 - Фіксоване поле фізичного опису
fixed length control field ta
008 - Елементи даних фіксованої довжини – загальна інформація
fixed length control field 20041008b un ||||| |||| 00| 0 ukr d
090 ## - Локальний шифр розміщення
Класифікаційний індекс УДК 82.09(477)
Авторський знак (НП) У45
040 ## - Джерело каталогізації
Агенція оригінальної каталогізації UA-OsUOA
Мова каталогізації ukr
Агенція, яка здійснювала перезапис UA-OsUOA
Агенція, яка здійснювала модифікацію UA-OsUOA
041 ## - Код мови
Код мови тексту/ звукової доріжки чи окремого заголовка (П) ukr
080 ## - Індекс Універсальної десяткової класифікації
Індекс Універсальної десяткової класифікації (УДК) (НП) 82.09(477)
020 ## - Міжнародний стандартний книжковий номер (ISBN)
Міжнародний стандартний книжковий номер (ISBN) (НП) 5-8104-0055-8
044 ## - Код країни видавця/ виробника
Код країни видавця/ виробника (П) UA
245 ## - Відомості про назву
Назва (НП) Українська література
Решта назви (НП) матеріали І конгресу Міжнародної асоціації україністів (Київ, 27 серпня - 3 вересня 1990 р.)
Дані про відповідальність (НП) ред. О. Мишанич
260 ## - Публікація, розповсюдження і т.п. (Вихідні дані)
Місце публікації, розповсюдження і т.п. (П) Київ
Ім’я/ наймення видавництва, розповсюджувача і т.п. (П) Обереги
Дата публікації, розповсюдження і т.п. (П) 1995
300 ## - Фізичний опис
Обсяг 320 с.
650 #7 - Додаткове предметне введення – тематичний термін
Тематичний термін чи географічна назва, як елемент введення (НП) 82 Література. Літературознавство
Джерело заголовка чи терміна UDC
942 ## - Додаткові елементи входу (Коха)
Тип елемента Koha Книги
955 ## - Код типу видання за змістом
Код типу видання за змістом (НП) Навчальні видання
Фонди
Стан вилучень Стан втрат Джерело класифікації або схеми стелажів Стан уражень Не для кредиту Постійне місце розташування Поточне розміщення Дата придбання Інвентарний номер Усього замовленно Повний номер виклику Штрих-код Дата останнього перегляду Ціна ефективна від Тип елемента Koha Вартість, звичайна ціна покупки
    Universal Decimal Classification     АБ - Абонемент НБ АБ - Абонемент НБ 11/07/2006 23085   82.09(477) У45 23085 10/02/2022 08/10/2004 Книги  
    Universal Decimal Classification     АБ - Абонемент НБ АБ - Абонемент НБ 11/07/2006 23086   82.09(477) У45 23086 10/02/2022 08/10/2004 Книги  
    Universal Decimal Classification     АБ - Абонемент НБ АБ - Абонемент НБ 11/07/2006 23089   82.09(477) У45 23089 10/02/2022 08/10/2004 Книги  
    Universal Decimal Classification     АБ - Абонемент НБ АБ - Абонемент НБ 11/07/2006 56441   82.09(477) У45 56441 10/02/2022 08/10/2004 Книги  
    Universal Decimal Classification     ЧЗ - Читальна зала ЧЗ - Читальна зала 08/10/2004 71637   82.09(477) У45 71637 09/02/2022 08/10/2004 Книги 36.00